00517nam a22001457a 4500020002200000040001600022082001900038100003000057245009600087260003200183300002200215942001300237999001900250952010200269 a978-3-527-34543-4 cWiley - VCH a671.5bM5781 A aMessler, Robert W.925650 aA Practical Guide to Welding SolutionsbOvercoming Technical and Material - Specific issues aNew YorkbWiley - VCHc2019 axii, 332p.c27cm. 2ddccREF c617380d617380 00102ddc4070aSCMEbSCMEd2026-05-11l0o671.5 M5781 ApSCME-4891r2026-05-11w2026-05-11yREF